Die teuersten Fußballtransfers - Mittelstürmer - Statistiken

Allgemein
  • Dieses Quiz wurde 123 mal gespielt
  • Das Durchschnittsergebnis liegt bei 9 aus 10
Antwortstatistiken
Ablöse (M €) Saison Nationalität Abgebender Verein Aufnehmender Verein Spieler % Korrekt
180,00 2018-2019 Frankreich AS Monaco Paris SG Kylian Mbappé
99%
117,00 2018-2019 Portugal Real Madrid Juventus Turin Cristiano Ronaldo
97%
94,00 2009-2010 Portugal Manchester United Real Madrid Cristiano Ronaldo
97%
95,00 2023-2024 England Tottenham FC Bayern München Harry Kane
97%
113,00 2021-2022 Belgien Inter Mailand Chelsea Romelu Lukaku
95%
84,70 2017-2018 Belgien FC Everton Manchester United Romelu Lukaku
95%
120,00 2019-2020 Frankreich Atlètico Madrid FC Barcelona Antoine Griezmann
94%
95,00 2023-2024 Frankreich Eintracht Frankfurt Paris SG Randal Kolo Muani
94%
85,00 2022-2023 Uruguay Benfica FC Liverpool Darwin Núñez
91%
90,00 2016-2017 Argentinien SSC Neapel Juventus Turin Gonzalo Higuaín
84%
Keine übereinstimmenden Quizze gefunden
Verteilung der Resultate
Anzahl Personen mit jedem Resultat
Perzentil nach korrekt beantworteten Fragen
Ihre Resultats-Entwicklung
Sie haben dieses Quiz noch nicht gespielt